000
00232nam a2200097Ia 4500
001
807741
005
20250826171237.0
008
250824s9999 xx 000 0 und d
245
0
_a
HZ. ADEM
_c
CEMALNUR SARGUT
260
_b
NEFES YAYINLARI
999
_c
807741
_d
807741